| 000 | 07370nam a22006257a 4500 | ||
|---|---|---|---|
| 008 | 090120t xxu||||| |||| 00| 0 eng d | ||
| 010 | _aB-332125-156 | ||
| 020 |
_c120.00 _a9788183535656 |
||
| 035 | _aB-332125-156 | ||
| 037 | _bSuper Books | ||
| 040 |
_aDPL _bEnglish |
||
| 082 | _a109.2 | ||
| 100 | _aChopra , Diksha | ||
| 245 |
_aThe great inventors / _cby Diksha Chopra ; edited by Sheela Roy |
||
| 260 |
_aNoida _bBrijbasi Art Press Ltd. _c2007 |
||
| 270 |
_aA-81, Sector V, _bNoida _e201 301 |
||
| 300 |
_a45p. (Hb.) _c29cm. _bill. |
||
| 490 | _aKnowledge Safari Series | ||
| 650 | _aInvensions | ||
| 700 | _aRoy, Sheela | ||
| 942 |
_2ddc _cCH _h109.2 _mCHO |
||
| 999 |
_c22194 _d22194 |
||